[Event "Chigorin Memorial 21st"]
[Site "St Petersburg"]
[Date "2013.10.06"]
[Round "2"]
[White "Tkachev, Ivan"]
[Black "Mamyrbay, Assad"]
[Result "1-0"]
[WhiteElo "2156"]
[BlackElo "1888"]
[PlyCount "75"]
[EventDate "2013.10.05"]
[EventType "swiss"]
[EventRounds "9"]
[EventCountry "RUS"]
[SourceTitle "CBM 156 Extra"]
[Source "ChessBase"]
[SourceDate "2013.10.22"]
[SourceVersion "1"]
[SourceVersionDate "2013.10.22"]
[SourceQuality "1"]

1. d4 d5 2. c4 e6 3. Nf3 Nf6 4. e3 Be7 5. Bd3 0-0 6. 0-0 Nbd7 7. b3 b6 8. Nbd2 Bb7 9. cxd5 exd5 10. Bb2 c5 11. Rc1 Rc8 12. Ne5 Nxe5 13. dxe5 Ne4 14. Nxe4 dxe4 15. Bc4 Qc7 16. Qg4 Bc6 17. Rfd1 Kh8 18. a4 Qb7 19. Qh5 Bd8 20. Rd6 Bc7 21. Rh6 gxh6 22. Qxh6 Bxe5 23. Bxe5+ f6 24. Bxf6+ Rxf6 25. Qxf6+ Qg7 26. Qd6 Bd7 27. Rd1 Bg4 28. Qd8+ Qf8 29. Qxf8+ Rxf8 30. Rd6 Kg7 31. h3 Bc8 32. Bd5 Re8 33. Rc6 Re5 34. Bc4 Bf5 35. Rc7+ Kf6 36. Rxa7 Re7 37. Ra6 Rb7 38. a5 1-0

[Event "Chigorin Memorial 21st"]
[Site "St Petersburg"]
[Date "2013.10.05"]
[Round "1"]
[White "Andriasian, Zaven"]
[Black "Tkachev, Ivan"]
[Result "1-0"]
[WhiteElo "2621"]
[BlackElo "2156"]
[PlyCount "95"]
[EventDate "2013.10.05"]
[EventType "swiss"]
[EventRounds "9"]
[EventCountry "RUS"]
[SourceTitle "CBM 156 Extra"]
[Source "ChessBase"]
[SourceDate "2013.10.22"]
[SourceVersion "1"]
[SourceVersionDate "2013.10.22"]
[SourceQuality "1"]

1. e4 c6 2. d4 d5 3. e5 Bf5 4. h4 h5 5. c4 dxc4 6. Bxc4 e6 7. Nc3 Nd7 8. Nge2 Be7 9. Ng3 Bg4 10. Be2 Bxe2 11. Qxe2 g6 12. Nge4 Nb6 13. Be3 Nh6 14. Rd1 Nf5 15. Bg5 Nd5 16. 0-0 Nxh4 17. Nd6+ Kf8 18. Bxh4 Bxh4 19. Nxb7 Qc7 20. Nd6 Nxc3 21. bxc3 Be7 22. Ne4 Kg7 23. Rd3 Rad8 24. Qd2 c5 25. Rd1 cxd4 26. cxd4 h4 27. Qf4 Rh5 28. Nf6 Rf5 29. Qxh4 Rh8 30. Qh7+ Rxh7 31. Ne8+ Kf8 32. Nxc7 Bd8 33. Nb5 f6 34. Rf3 Rxf3 35. gxf3 fxe5 36. dxe5 Bb6 37. Nd6 Rh4 38. Ne4 Rh5 39. Nf6 Rf5 40. Kg2 Ke7 41. Rd7+ Kf8 42. Ng4 g5 43. Kg3 Rf4 44. Nf6 Rf5 45. Kg4 Bxf2 46. Kh5 Bc5 47. Kg6 Be7 48. Rxa7 1-0

[Event "St Petersburg Botvinnik Memorial op"]
[Site "St Petersburg"]
[Date "2012.08.30"]
[Round "6"]
[White "Tkachev, Ivan"]
[Black "Kopylov, Alexander A"]
[Result "0-1"]
[WhiteElo "2117"]
[BlackElo "2449"]
[PlyCount "100"]
[EventDate "2012.08.25"]
[EventType "swiss"]
[EventRounds "9"]
[EventCountry "RUS"]
[SourceTitle "CBM 150 Extra"]
[Source "ChessBase"]
[SourceDate "2012.10.19"]
[SourceVersion "1"]
[SourceVersionDate "2012.10.19"]
[SourceQuality "1"]

1. d4 e6 2. Nf3 c5 3. c3 Nc6 4. e4 d5 5. exd5 Qxd5 6. Be3 cxd4 7. Nxd4 Nxd4 8. Qxd4 Qxd4 9. Bxd4 Bd7 10. Be2 Ne7 11. Bc5 Bc6 12. 0-0 Ng6 13. Bxf8 Rxf8 14. Rd1 Ke7 15. Na3 Rfd8 16. f3 Nf4 17. Kf2 e5 18. g3 Nxe2 19. Kxe2 g5 20. Ke3 Ke6 21. Nc4 Bd5 22. Nd2 f5 23. f4 exf4+ 24. gxf4 g4 25. Nf1 h5 26. Kf2 h4 27. Rd4 Be4 28. Rad1 Rxd4 29. Rxd4 Rg8 30. a3 Ke7 31. b4 b5 32. c4 bxc4 33. Rxc4 Kd6 34. Rc5 Rg7 35. Ne3 Ke6 36. Re5+ Kf6 37. Nd5+ Bxd5 38. Rxd5 Rc7 39. Rd6+ Ke7 40. Ra6 h3 41. Ke3 Rc2 42. Rxa7+ Kd6 43. Ra6+ Kc7 44. Ra5 Rxh2 45. Rxf5 Ra2 46. Rh5 h2 47. Ke4 Rf2 48. Rc5+ Kb6 49. Rc1 g3 50. Ke3 Ra2 0-1

[Event "Wroclaw op-A 7th"]
[Site "Wroclaw"]
[Date "2012.07.03"]
[Round "4"]
[White "White, John2222"]
[Black "Tkachev, Ivan"]
[Result "1/2-1/2"]
[WhiteElo "1886"]
[BlackElo "2156"]
[PlyCount "167"]
[EventDate "2012.07.02"]
[EventType "swiss"]
[EventRounds "9"]
[EventCountry "POL"]
[SourceTitle "CBM 149 Extra"]
[Source "ChessBase"]
[SourceDate "2012.08.24"]
[SourceVersion "1"]
[SourceVersionDate "2012.08.24"]
[SourceQuality "1"]

1. d4 d5 2. c4 e6 3. Nc3 Nf6 4. cxd5 exd5 5. Bg5 c6 6. Qc2 Bb4 7. e3 Bg4 8. Bd3 Bh5 9. Nge2 Bg6 10. Bxg6 hxg6 11. 0-0-0 Nbd7 12. Kb1 Qe7 13. f3 Qe6 14. e4 dxe4 15. fxe4 Qg4 16. h4 0-0 17. e5 Nd5 18. Ne4 Rae8 19. h5 f6 20. Rh4 Qxg2 21. Bc1 g5 22. Rg1 Qxg1 23. Nxg1 gxh4 24. h6 Re7 25. Nh3 fxe5 26. a3 Ba5 27. Neg5 e4 28. Qg2 e3 29. Ne6 e2 30. Qxe2 Nc7 31. hxg7 Rfe8 32. Qh5 Nxe6 33. Qxa5 Rxg7 34. Qh5 Nf6 35. Qxh4 Kf7 36. Ka2 Rg4 37. Qf2 Reg8 38. Nf4 Nxf4 39. Bxf4 R8g6 40. Be5 Ke6 41. Qf3 Nd5 42. Qf8 b5 43. Qc8+ Ke7 44. Qb7+ Ke8 45. Bd6 Rxd6 46. Qc8+ Rd8 47. Qe6+ Ne7 48. Qxg4 a5 49. Kb3 Rd5 50. Qf4 Kd7 51. Qb8 a4+ 52. Kc3 Ke6 53. Qc7 Rf5 54. Kd3 Rf3+ 55. Kc2 Rf2+ 56. Kc1 Rf5 57. Kc2 Rd5 58. Kd3 Rh5 59. Qg3 Rd5 60. Qc7 Rg5 61. Kc2 Rg2+ 62. Kc1 Rg5 63. Kc2 Rg8 64. Kd2 Rc8 65. Qe5+ Kd7 66. Qc5 Rc7 67. Kc2 Kc8 68. b3 axb3+ 69. Kxb3 Nd5 70. a4 bxa4+ 71. Kxa4 Kd7 72. Kb3 Rb7+ 73. Kc2 Rb4 74. Kd3 Rb3+ 75. Kd2 Rb2+ 76. Kd3 Rb7 77. Qf8 Rb3+ 78. Kc2 Re3 79. Kd2 Kc7 80. Qf7+ Kb6 81. Qxd5 cxd5 82. Kxe3 Kb5 83. Ke2 Kc4 84. Kd1 1/2-1/2

[Event "Wroclaw op-A 7th"]
[Site "Wroclaw"]
[Date "2012.07.02"]
[Round "1"]
[White "Tkachev, Ivan"]
[Black "Arutinian, David"]
[Result "0-1"]
[WhiteElo "2156"]
[BlackElo "2556"]
[PlyCount "74"]
[EventDate "2012.07.02"]
[EventType "swiss"]
[EventRounds "9"]
[EventCountry "POL"]
[SourceTitle "CBM 149 Extra"]
[Source "ChessBase"]
[SourceDate "2012.08.24"]
[SourceVersion "1"]
[SourceVersionDate "2012.08.24"]
[SourceQuality "1"]

1. d4 g6 2. Bg5 Bg7 3. Nf3 c5 4. c3 Nf6 5. Bxf6 Bxf6 6. e4 cxd4 7. Nxd4 Nc6 8. Nf3 d6 9. Nbd2 0-0 10. Bc4 Rb8 11. Qe2 Bd7 12. Nb3 a6 13. 0-0 b5 14. Bd5 Qb6 15. Rfd1 b4 16. c4 Bg4 17. Rac1 Bxf3 18. gxf3 Nd4 19. Qd3 Nxb3 20. Qxb3 Bd4 21. Rc2 Bc5 22. e5 dxe5 23. Qa4 Rfd8 24. Rdd2 Rd6 25. Be4 Kg7 26. Rxd6 exd6 27. b3 Qa7 28. Qc6 a5 29. Re2 Qe7 30. Qd5 f5 31. Bc2 Qg5+ 32. Kf1 Qf4 33. Kg2 Rf8 34. Qd2 Qh4 35. h3 g5 36. Qd5 g4 37. hxg4 fxg4 0-1

[Event "Chigorin Memorial 19th"]
[Site "St Petersburg"]
[Date "2011.10.22"]
[Round "9"]
[White "Chigaev, Maksim"]
[Black "Tkachev, Ivan"]
[Result "1-0"]
[WhiteElo "2289"]
[BlackElo "2074"]
[PlyCount "61"]
[EventDate "2011.10.14"]
[EventType "swiss"]
[EventRounds "9"]
[EventCountry "RUS"]
[SourceTitle "CBM 144 Extra"]
[Source "ChessBase"]
[SourceDate "2011.10.28"]
[SourceVersion "1"]
[SourceVersionDate "2011.10.28"]
[SourceQuality "1"]

1. e4 c5 2. c3 d5 3. exd5 Qxd5 4. d4 Nc6 5. Nf3 Bg4 6. Be2 cxd4 7. cxd4 e6 8. Nc3 Bb4 9. 0-0 Qa5 10. h3 Bf5 11. d5 Rd8 12. Bd2 exd5 13. a3 Be7 14. Nb5 Qb6 15. Bf4 Rd7 16. Ne5 Nxe5 17. Bxe5 Bf6 18. Bxf6 Qxf6 19. Nd4 Re7 20. Nxf5 Qxf5 21. Bg4 Qe5 22. Rc1 f6 23. Rc5 g6 24. Rxd5 Qc7 25. Qd2 Kf7 26. Rc1 Qb6 27. Rc8 h5 28. Be2 Kg7 29. Rdd8 Kh7 30. Bc4 Rg7 31. Rd6 1-0

[Event "St Petersburg Autumn op"]
[Site "St Petersburg"]
[Date "2010.10.19"]
[Round "4"]
[White "Slovitskiy, Jan"]
[Black "Tkachev, Ivan"]
[Result "0-1"]
[WhiteElo "1778"]
[BlackElo "2010"]
[PlyCount "114"]
[EventDate "2010.10.16"]
[EventType "swiss"]
[EventRounds "9"]
[EventCountry "RUS"]
[SourceTitle "EXT 2011"]
[Source "ChessBase"]
[SourceDate "2010.11.26"]
[SourceVersion "1"]
[SourceVersionDate "2010.11.26"]
[SourceQuality "1"]

1. e4 c6 2. d4 d5 3. e5 Bf5 4. h4 h6 5. g4 Bd7 6. c4 e6 7. Nc3 Ne7 8. Qb3 b6 9. Nf3 dxc4 10. Bxc4 Nd5 11. Bd2 a5 12. a3 Na6 13. Rc1 Nac7 14. Bxd5 Nxd5 15. Ne4 Be7 16. Ke2 b5 17. Nc5 Bc8 18. Qc2 Nb6 19. b3 a4 20. bxa4 Nc4 21. Bb4 Qd5 22. Rhd1 0-0 23. Qe4 Bxc5 24. Qxd5 exd5 25. Bxc5 Re8 26. g5 Rxa4 27. Rc3 Bg4 28. Kf1 h5 29. Rdd3 Bxf3 30. Rxf3 Nd2+ 31. Kg2 Nxf3 32. Rxf3 Rc4 33. Re3 Kh7 34. Kg3 Kg6 35. Kf4 f6 36. e6 fxg5+ 37. hxg5 Rc2 38. Ke5 Rxf2 39. e7 h4 40. Kd6 Kf7 41. Kxc6 Rf5 42. Kxb5 Rxg5 43. Rf3+ Ke6 44. Kc6 Rc8+ 45. Kb7 Kd7 46. a4 Rg3 47. Rf5 Rb3+ 48. Ka7 Kc6 49. Rf8 Rbb8 50. Rxc8+ Rxc8 51. Bb6 Re8 52. Bd8 h3 53. a5 h2 54. a6 h1Q 55. Bc7 Rxe7 56. Ka8 Kxc7 57. Ka7 Kc6+ 0-1

[Event "RUS-ch U12"]
[Site "Dagomys"]
[Date "2009.04.??"]
[Round "9"]
[White "Morozov, Egor"]
[Black "Tkachev, Ivan"]
[Result "1/2-1/2"]
[WhiteElo "1932"]
[BlackElo "1967"]
[PlyCount "60"]
[EventDate "2009.04.15"]
[EventType "swiss"]
[EventRounds "9"]
[EventCountry "RUS"]
[SourceTitle "EXT 2012"]
[Source "ChessBase"]
[SourceDate "2011.11.24"]
[SourceVersion "1"]
[SourceVersionDate "2011.11.24"]
[SourceQuality "1"]

1. d4 d5 2. g3 c6 3. Bg2 Nf6 4. Nf3 Bf5 5. 0-0 h6 6. b3 e6 7. Bb2 Nbd7 8. Nbd2 Be7 9. c4 0-0 10. Ne5 Bd6 11. f4 Bb4 12. Ndf3 Nxe5 13. fxe5 Ne4 14. a3 Be7 15. Nd2 Nxd2 16. Qxd2 Bg5 17. Qc3 Be7 18. Rae1 Rc8 19. Kh1 f6 20. exf6 Bxf6 21. e4 dxe4 22. Bxe4 Bxe4+ 23. Rxe4 Bxd4 24. Rxf8+ Qxf8 25. Qxd4 Qf1+ 26. Qg1 Qf3+ 27. Qg2 Qd1+ 28. Qg1 Qf3+ 29. Qg2 Qd1+ 30. Qg1 Qf3+ 1/2-1/2

[Event "RUS-ch U12"]
[Site "Dagomys"]
[Date "2009.04.??"]
[Round "3"]
[White "Sutormin, Danila"]
[Black "Tkachev, Ivan"]
[Result "0-1"]
[WhiteElo "2025"]
[BlackElo "1967"]
[PlyCount "100"]
[EventDate "2009.04.15"]
[EventType "swiss"]
[EventRounds "9"]
[EventCountry "RUS"]
[SourceTitle "EXT 2012"]
[Source "ChessBase"]
[SourceDate "2011.11.24"]
[SourceVersion "1"]
[SourceVersionDate "2011.11.24"]
[SourceQuality "1"]

1. e4 c6 2. d4 d5 3. exd5 cxd5 4. c4 Nf6 5. cxd5 Nxd5 6. Nc3 Nc6 7. Nf3 e6 8. Bd3 Bb4 9. Bd2 Nf6 10. Bg5 h6 11. Bxf6 Qxf6 12. 0-0 Bxc3 13. bxc3 0-0 14. Qe2 g6 15. h4 h5 16. Rfe1 Bd7 17. Ng5 Rac8 18. g3 a6 19. Ne4 Qe7 20. Qd2 Kg7 21. Ng5 f6 22. Nh3 Be8 23. f4 Qd6 24. Nf2 f5 25. Nh3 b5 26. Ng5 Bd7 27. a3 Na5 28. Re5 Nc6 29. Re3 Na5 30. Rae1 Rfe8 31. Bf1 Nc4 32. Bxc4 Rxc4 33. Qe2 Qxa3 34. Rd3 Qd6 35. Re3 Rc6 36. Re5 Rxc3 37. Nf3 Bc6 38. Rf1 Bxf3 39. Rxf3 Qxd4+ 40. Kg2 Rc1 41. Rf1 Rxf1 42. Qxf1 Kf7 43. Qf3 Re7 44. Qa8 Qd2+ 45. Kh3 Qd1 46. Qc6 b4 47. Kg2 b3 48. Qc8 Rd7 49. Re1 Rd2+ 50. Re2 Qxe2+ 0-1

[Event "RUS-ch U12"]
[Site "Dagomys"]
[Date "2009.04.??"]
[Round "6"]
[White "Tkachev, Ivan"]
[Black "Zanan, Evgeny"]
[Result "0-1"]
[WhiteElo "1967"]
[BlackElo "2111"]
[PlyCount "82"]
[EventDate "2009.04.15"]
[EventType "swiss"]
[EventRounds "9"]
[EventCountry "RUS"]
[SourceTitle "EXT 2012"]
[Source "ChessBase"]
[SourceDate "2011.11.24"]
[SourceVersion "1"]
[SourceVersionDate "2011.11.24"]
[SourceQuality "1"]

1. d4 Nf6 2. c4 e6 3. Nc3 Bb4 4. Qc2 0-0 5. Bg5 c5 6. dxc5 Bxc5 7. e3 h6 8. Bh4 Nc6 9. Nf3 Be7 10. Be2 a6 11. 0-0 d6 12. a3 Qc7 13. Rfd1 Bd7 14. Bg3 Rac8 15. Qd2 Ne5 16. Nxe5 dxe5 17. Qc2 Bc6 18. b4 b6 19. Qb2 Qb7 20. f3 e4 21. b5 axb5 22. cxb5 Bd5 23. fxe4 Bxe4 24. Nxe4 Qxe4 25. Bf3 Qxe3+ 26. Bf2 Qg5 27. a4 Bc5 28. Bxc5 Rxc5 29. Rd6 Rf5 30. Qd2 Qg6 31. Qe3 Rc8 32. Rxb6 Rc2 33. Rc6 Rb2 34. Rac1 Rg5 35. g3 Nd5 36. Bxd5 Rxd5 37. Rc8+ Kh7 38. R8c5 Rdd2 39. Qf3 Rxh2 40. b6 Rhd2 41. a5 Rd3 0-1